00294nam a2200109Ia 4500008004100000100002300041245003700064260000900101300003400110440002400144650001600168180117s9999 xx 000 0 und d aby Giannina Ocampo aSomeone i was Always Meant to Be c2017 a12-14 pages, 2017 February 12 aPhilippine Panorama aMEANT TO BE